[Event "CZE-chT2B 2223"]
[Site "Czech Republic"]
[Date "2022.11.20"]
[Round "3.7"]
[White "Prochazka, Dalibor"]
[Black "Kovar, Ladislav1111"]
[Result "1-0"]
[WhiteElo "2162"]
[BlackElo "1870"]
[PlyCount "47"]
[EventDate "2022.10.16"]
[EventType "team-tourn"]
[EventRounds "11"]
[EventCountry "CZE"]
[SourceTitle "EXT 2024"]
[Source "ChessBase"]
[SourceDate "2023.10.10"]
[SourceVersion "1"]
[SourceVersionDate "2023.10.10"]
[SourceQuality "1"]
[WhiteTeam "Karlovy Vary Tietz"]
[BlackTeam "Litomerice III"]
[WhiteTeamCountry "CZE"]
[BlackTeamCountry "CZE"]

1. e4 c5 2. d4 cxd4 3. c3 dxc3 4. Nxc3 Nc6 5. Nf3 d6 6. Bc4 e6 7. 0-0 Nf6 8. Qe2 a6 9. Rd1 Qc7 10. h3 Be7 11. Bf4 b5 12. Bb3 0-0 13. Rac1 Re8 14. Nd5 Qb7 15. Nxe7+ Nxe7 16. Bxd6 Bd7 17. Ne5 Rac8 18. Rxc8 Nxc8 19. Nxd7 Qxd7 20. Be5 Qe7 21. Qd3 Nb6 22. Qd4 Nfd7 23. Bd6 e5 24. Qxb6 1-0

[Event "CZE-chT2B 1920"]
[Site "Czech Republic"]
[Date "2020.01.26"]
[Round "7.4"]
[White "Klement, Lukas"]
[Black "Prochazka, Dalibor"]
[Result "1-0"]
[WhiteElo "2224"]
[BlackElo "2167"]
[PlyCount "57"]
[EventDate "2019.10.13"]
[EventType "team-tourn"]
[EventRounds "11"]
[EventCountry "CZE"]
[SourceTitle "EXT 2024"]
[Source "ChessBase"]
[SourceDate "2023.10.10"]
[SourceVersion "1"]
[SourceVersionDate "2023.10.10"]
[SourceQuality "1"]
[WhiteTeam "Podborany"]
[BlackTeam "Karlovy Vary Tietz"]
[WhiteTeamCountry "CZE"]
[BlackTeamCountry "CZE"]

1. c4 e6 2. g3 d5 3. Bg2 Nf6 4. Nf3 c5 5. cxd5 Nxd5 6. 0-0 Nc6 7. Nc3 Nxc3 8. dxc3 Qxd1 9. Rxd1 Bd7 10. Ng5 f6 11. Bxc6 Bxc6 12. Nxe6 Rc8 13. Bf4 g5 14. Nxf8 gxf4 15. Ne6 fxg3 16. hxg3 b6 17. Rd6 Ke7 18. Rad1 Bb5 19. Ng7 Rhd8 20. Nf5+ Ke8 21. e4 Be2 22. R1d2 Bg4 23. Re6+ Kf7 24. Re7+ Kf8 25. Rdd7 Rxd7 26. Rxd7 Re8 27. Rxh7 Rxe4 28. Rh8+ Kf7 29. Nd6+ 1-0

[Event "CZE-chT2B 1819"]
[Site "Czech Republic"]
[Date "2019.02.10"]
[Round "8.5"]
[White "Sala, Dalibor"]
[Black "Prochazka, Dalibor"]
[Result "0-1"]
[WhiteElo "1865"]
[BlackElo "2159"]
[PlyCount "84"]
[EventDate "2018.10.14"]
[EventType "team-tourn"]
[EventRounds "11"]
[EventCountry "CZE"]
[SourceTitle "EXT 2022"]
[Source "ChessBase"]
[SourceDate "2021.10.06"]
[SourceVersion "1"]
[SourceVersionDate "2021.10.06"]
[SourceQuality "1"]
[WhiteTeam "Most Chess"]
[BlackTeam "Karlovy Vary Tietz"]
[WhiteTeamCountry "CZE"]
[BlackTeamCountry "CZE"]

1. e4 e5 2. Nf3 Nc6 3. Bc4 Nf6 4. d3 Bc5 5. c3 Qe7 6. 0-0 d6 7. Be3 Bd7 8. b4 Bxe3 9. fxe3 a5 10. b5 Na7 11. a4 Nc8 12. Nh4 Nb6 13. Bb3 0-0-0 14. Qf3 Bg4 15. Qf2 Nbd7 16. Nf5 Bxf5 17. Qxf5 Kb8 18. Nd2 Nc5 19. Bc4 h6 20. Nb3 Nxb3 21. Bxb3 Rhf8 22. c4 b6 23. Rfe1 Nd7 24. Rad1 Qg5 25. Qxg5 hxg5 26. Rf1 f6 27. Rd2 Rh8 28. d4 Rh4 29. Bc2 Rdh8 30. g3 R4h6 31. Bd1 Re8 32. Bg4 Nf8 33. Re2 Rh8 34. Rc1 Ne6 35. Bxe6 Rxe6 36. d5 Ree8 37. g4 Rh3 38. Rce1 Reh8 39. Rf2 R8h4 40. Rg2 Rf3 41. Kh1 Rhh3 42. Rge2 Rfg3 0-1

[Event "CZE-chT2A 1718"]
[Site "Czech Republic"]
[Date "2018.04.08"]
[Round "11.4"]
[White "Eret, Matous"]
[Black "Prochazka, Dalibor"]
[Result "0-1"]
[WhiteElo "2207"]
[BlackElo "2153"]
[PlyCount "62"]
[EventDate "2017.10.15"]
[EventType "team-tourn"]
[EventRounds "11"]
[EventCountry "CZE"]
[SourceTitle "EXT 2022"]
[Source "ChessBase"]
[SourceDate "2021.10.06"]
[SourceVersion "1"]
[SourceVersionDate "2021.10.06"]
[SourceQuality "1"]
[WhiteTeam "Klatovy"]
[BlackTeam "Karlovy Vary Tietz"]
[WhiteTeamCountry "CZE"]
[BlackTeamCountry "CZE"]

1. b3 e5 2. Bb2 Nc6 3. e3 d5 4. Bb5 f6 5. Bxc6+ bxc6 6. d3 Bd6 7. h3 Nh6 8. Nf3 Nf7 9. Nbd2 Be6 10. c4 a5 11. 0-0 g5 12. Nh2 h5 13. c5 Bxc5 14. Qc2 Qd6 15. d4 Bb6 16. dxe5 fxe5 17. Rad1 Bd7 18. Nc4 Qe6 19. Nxb6 cxb6 20. f4 gxf4 21. exf4 Rg8 22. fxe5 Qg6 23. Qe2 Bxh3 24. Rf2 Bg4 25. Nxg4 Qxg4 26. e6 Ng5 27. Qc2 c5 28. Rd4 Nf3+ 29. Kf1 Nxd4 30. Qd3 Qe4 31. Qd1 0-0-0 0-1

[Event "Prague Pankrac Cup"]
[Site "Prague"]
[Date "2017.10.03"]
[Round "3"]
[White "Prochazka, Dalibor"]
[Black "Smid, Miroslav"]
[Result "1/2-1/2"]
[WhiteElo "2153"]
[BlackElo "2261"]
[PlyCount "96"]
[EventDate "2017.09.19"]
[EventType "swiss"]
[EventRounds "7"]
[EventCountry "CZE"]
[SourceTitle "EXT 2019"]
[Source "ChessBase"]
[SourceDate "2018.10.10"]
[SourceVersion "1"]
[SourceVersionDate "2018.10.10"]
[SourceQuality "1"]

1. e4 c6 2. d4 d5 3. exd5 cxd5 4. c4 Nf6 5. Nc3 e6 6. Nf3 Bb4 7. a3 Bxc3+ 8. bxc3 0-0 9. Bg5 Qa5 10. Qc2 Ne4 11. Be7 Re8 12. Bb4 Qc7 13. a4 a5 14. Ba3 b6 15. Bd3 Ba6 16. Bxe4 dxe4 17. Nd2 Bxc4 18. Nxc4 Qxc4 19. Bb2 Nd7 20. Qxe4 Nc5 21. Qc2 Nd3+ 22. Kd2 Nxf2 23. Rhf1 Ng4 24. h3 Nf6 25. Rae1 Nd5 26. g4 Rac8 27. Rf3 Rc7 28. g5 Rec8 29. Re4 g6 30. h4 Ne7 31. h5 Nf5 32. hxg6 hxg6 33. Qd1 Qd5 34. Re5 Qxe5 35. dxe5 Rd7+ 36. Rd3 Rxd3+ 37. Kxd3 Rd8+ 38. Ke2 Rxd1 39. Kxd1 Kf8 40. Ke2 Ke7 41. Kd3 Kd7 42. Ba3 Kc6 43. c4 Ng7 44. Ke4 Ne8 45. Kd4 Nc7 46. Bd6 Na6 47. Kd3 Nc5+ 48. Bxc5 bxc5 1/2-1/2

[Event "Prague Pankrac Cup"]
[Site "Prague"]
[Date "2016.10.11"]
[Round "4"]
[White "Prochazka, Dalibor"]
[Black "Gregor, Jiri"]
[Result "0-1"]
[WhiteElo "2148"]
[BlackElo "2219"]
[PlyCount "108"]
[EventDate "2016.09.20"]
[EventType "swiss"]
[EventRounds "8"]
[EventCountry "CZE"]
[SourceTitle "EXT 2017"]
[Source "ChessBase"]
[SourceDate "2016.10.25"]
[SourceVersion "1"]
[SourceVersionDate "2016.10.25"]
[SourceQuality "1"]

1. e4 c6 2. d4 d5 3. Nc3 b5 4. e5 b4 5. Nce2 e6 6. Nf3 Ba6 7. g3 Be7 8. h4 Nd7 9. Bh3 Qb6 10. 0-0 c5 11. c3 h6 12. Re1 g5 13. h5 f5 14. exf6 Ngxf6 15. dxc5 Nxc5 16. cxb4 Nd3 17. Be3 Qxb4 18. Bxe6 Nxe1 19. Qxe1 Qxe1+ 20. Rxe1 Bc8 21. Ned4 Bxe6 22. Nxe6 Kd7 23. Bd4 Rhc8 24. Ng7 Ng4 25. Ne5+ Nxe5 26. Rxe5 Rc6 27. Nf5 Bf6 28. Rxd5+ Ke6 29. Bxf6 Kxd5 30. Ne7+ Ke6 31. Nxc6 Kxf6 32. g4 a6 33. b3 Rc8 34. Nb4 a5 35. Nd5+ Ke5 36. Ne3 Kf4 37. Kg2 Rc1 38. Nc4 a4 39. Nb2 axb3 40. axb3 Rb1 41. Nd3+ Kxg4 42. b4 Rb3 43. Ne5+ Kxh5 44. Nc6 g4 45. Nd4 Rxb4 46. Nf5 Kg5 47. Ng3 h5 48. Ne2 h4 49. Nc3 Rb2 50. Nd1 Rd2 51. Nc3 Kf4 52. Nb1 Rc2 53. Na3 Ra2 54. Nb5 g3 0-1

[Event "Prague Pankrac Cup"]
[Site "Prague"]
[Date "2015.11.03"]
[Round "8"]
[White "Prochazka, Dalibor"]
[Black "Studnicka, Tomas"]
[Result "0-1"]
[WhiteElo "2191"]
[BlackElo "2376"]
[PlyCount "80"]
[EventDate "2015.09.15"]
[EventType "swiss"]
[EventRounds "8"]
[EventCountry "CZE"]
[SourceTitle "EXT 2017"]
[Source "ChessBase"]
[SourceDate "2016.10.25"]
[SourceVersion "1"]
[SourceVersionDate "2016.10.25"]
[SourceQuality "1"]

1. e4 c5 2. Nf3 Nc6 3. d4 cxd4 4. Nxd4 g6 5. Be2 Bg7 6. Nb3 Nf6 7. Nc3 d6 8. 0-0 0-0 9. Be3 b6 10. f4 Bb7 11. Bf3 Nd7 12. Qe1 a5 13. a4 Nc5 14. Nxc5 bxc5 15. e5 Rb8 16. Rd1 Nd4 17. Bxd4 cxd4 18. Nb5 dxe5 19. Bxb7 Rxb7 20. fxe5 Qd5 21. Rxd4 Qc5 22. b4 axb4 23. Qxb4 Qxc2 24. Rc4 Qd3 25. Re4 Rd8 26. e6 f5 27. Ree1 Rc8 28. Rf3 Qd5 29. Qb3 Qc5+ 30. Kh1 Rb6 31. Rd3 Qf2 32. Red1 Rbb8 33. Qd5 Bf6 34. g3 Rc2 35. R3d2 Rxd2 36. Qxd2 Qf3+ 37. Kg1 Bg5 38. Qxg5 Qxd1+ 39. Kf2 Qc2+ 40. Kg1 Rd8 0-1

[Event "Prague Pankrac Cup"]
[Site "Prague"]
[Date "2015.10.27"]
[Round "7"]
[White "Vavra, Pavel"]
[Black "Prochazka, Dalibor"]
[Result "1/2-1/2"]
[WhiteElo "2349"]
[BlackElo "2191"]
[PlyCount "53"]
[EventDate "2015.09.15"]
[EventType "swiss"]
[EventRounds "8"]
[EventCountry "CZE"]
[SourceTitle "EXT 2017"]
[Source "ChessBase"]
[SourceDate "2016.10.25"]
[SourceVersion "1"]
[SourceVersionDate "2016.10.25"]
[SourceQuality "1"]

1. c4 Nf6 2. Nc3 g6 3. Nf3 Bg7 4. d4 d6 5. Bg5 Nbd7 6. e3 0-0 7. Be2 c6 8. Qc2 Re8 9. 0-0 Qc7 10. Rad1 Nf8 11. h3 Bd7 12. Rfe1 Rad8 13. a3 h6 14. Bh4 a6 15. b4 b5 16. c5 d5 17. Bg3 Qc8 18. a4 Bf5 19. Bd3 Bxd3 20. Qxd3 N8d7 21. axb5 axb5 22. Bh2 Qb7 23. Ra1 Ra8 24. Nd2 e5 25. Nb3 exd4 26. Nxd4 Ne4 27. Nxe4 1/2-1/2

[Event "Prague Pankrac Cup"]
[Site "Prague"]
[Date "2015.10.06"]
[Round "4"]
[White "Prochazka, Dalibor"]
[Black "Postupa, Pavel1111"]
[Result "1-0"]
[WhiteElo "2191"]
[BlackElo "2226"]
[PlyCount "75"]
[EventDate "2015.09.15"]
[EventType "swiss"]
[EventRounds "8"]
[EventCountry "CZE"]
[SourceTitle "EXT 2017"]
[Source "ChessBase"]
[SourceDate "2016.10.25"]
[SourceVersion "1"]
[SourceVersionDate "2016.10.25"]
[SourceQuality "1"]

1. d4 Nf6 2. Nf3 g6 3. g3 Bg7 4. Bg2 d5 5. c4 dxc4 6. Qa4+ Nfd7 7. 0-0 0-0 8. Qxc4 Nb6 9. Qc5 Nc6 10. e3 Qd6 11. Qxd6 cxd6 12. Nc3 Bd7 13. b3 Rfc8 14. Bb2 Nb4 15. Rfd1 a5 16. a3 N4d5 17. Nxd5 Nxd5 18. Rac1 a4 19. Nd2 Rxc1 20. Rxc1 Bc6 21. Nc4 e6 22. e4 Nf6 23. Nb6 Re8 24. Nxa4 Nxe4 25. Rxc6 bxc6 26. Bxe4 c5 27. dxc5 Bxb2 28. Nxb2 dxc5 29. a4 f5 30. Bc6 Rd8 31. a5 Rd6 32. Bb7 Rd2 33. Nc4 Ra2 34. a6 Kf8 35. Nb6 h5 36. Na4 h4 37. gxh4 c4 38. a7 1-0

[Event "CZE-chT1W 1415"]
[Site "Czech Republic"]
[Date "2015.02.01"]
[Round "7.3"]
[White "Prochazka, Dalibor"]
[Black "Plesek, Jiri"]
[Result "1-0"]
[WhiteElo "2178"]
[BlackElo "2176"]
[PlyCount "129"]
[EventDate "2014.10.19"]
[EventType "team-tourn"]
[EventRounds "11"]
[EventCountry "CZE"]
[SourceTitle "EXT 2016"]
[Source "ChessBase"]
[SourceDate "2015.10.08"]
[SourceVersion "1"]
[SourceVersionDate "2015.10.08"]
[SourceQuality "1"]
[WhiteTeam "Karlovy Vary"]
[BlackTeam "Praha Pankrac"]
[WhiteTeamCountry "CZE"]
[BlackTeamCountry "CZE"]

1. e4 c6 2. d4 d5 3. Nc3 dxe4 4. Bc4 Nf6 5. f3 exf3 6. Nxf3 e6 7. Qe2 Nbd7 8. Bd2 Be7 9. 0-0-0 b5 10. Bd3 a6 11. Rhf1 Bb7 12. Ng5 c5 13. dxc5 Nxc5 14. Bxh7 Rxh7 15. Nxh7 Nxh7 16. Bf4 Nd7 17. Qh5 Nhf6 18. Qh8+ Bf8 19. Bd6 Qa5 20. Bxf8 0-0-0 21. Qxg7 b4 22. Bxb4 Qxb4 23. Rxf6 Nxf6 24. Qxf6 Rxd1+ 25. Nxd1 Bxg2 26. Qxf7 Qe4 27. Qa7 Qc4 28. Ne3 Qe2 29. Qc5+ Kb8 30. Qb4+ Bb7 31. Qd6+ Ka8 32. Qd8+ Ka7 33. Qd4+ Ka8 34. Qd8+ Ka7 35. Qd4+ Ka8 36. Qd2 Qf3 37. b3 Qf6 38. c3 Be4 39. Nc4 e5 40. Qd6 Qf4+ 41. Kb2 Qxh2+ 42. Ka3 Bb7 43. Nb6+ Ka7 44. Nd7 Qh8 45. Nxe5 Qg7 46. Nd7 Qh8 47. Qb6+ Ka8 48. Nc5 Bc8 49. Nxa6 Bxa6 50. Qxa6+ Kb8 51. Qb6+ Ka8 52. Qc6+ Kb8 53. Ka4 Qh2 54. a3 Qb2 55. c4 Qa2 56. Kb4 Qd2+ 57. Kb5 Qc3 58. b4 Qe5+ 59. Qd5 Qe7 60. c5 Ka7 61. Qd6 Qe8+ 62. Ka5 Qe3 63. Qc7+ Ka8 64. Kb6 Qxc5+ 65. Qxc5 1-0

[Event "CZE-chT1W 1415"]
[Site "Czech Republic"]
[Date "2015.01.04"]
[Round "5.4"]
[White "Movsesian, Julia"]
[Black "Prochazka, Dalibor"]
[Result "1-0"]
[WhiteElo "2327"]
[BlackElo "2178"]
[PlyCount "73"]
[EventDate "2014.10.19"]
[EventType "team-tourn"]
[EventRounds "11"]
[EventCountry "CZE"]
[SourceTitle "EXT 2016"]
[Source "ChessBase"]
[SourceDate "2015.10.08"]
[SourceVersion "1"]
[SourceVersionDate "2015.10.08"]
[SourceQuality "1"]
[WhiteTeam "Novoborsky II"]
[BlackTeam "Karlovy Vary"]
[WhiteTeamCountry "CZE"]
[BlackTeamCountry "CZE"]

1. e4 e5 2. Nf3 Nc6 3. d4 exd4 4. Nxd4 Nxd4 5. Qxd4 Ne7 6. Nc3 Nc6 7. Qe3 g6 8. Bd2 Bg7 9. 0-0-0 Qf6 10. Qg3 d6 11. Bg5 Qe6 12. Nd5 0-0 13. Qh4 f6 14. Be3 Qf7 15. g4 Ne5 16. Be2 c6 17. Nc3 Qe7 18. f4 Nf7 19. Qg3 a5 20. a4 Bd7 21. Bd3 b5 22. axb5 cxb5 23. Nd5 Qe6 24. Bd4 Qxg4 25. Bxf6 Nh6 26. Bxg7 Kxg7 27. Qe3 Rae8 28. Qd4+ Kf7 29. Rdf1 Ng8 30. Rhg1 Qh4 31. Qa7 Rd8 32. Bxb5 Ke8 33. Qxa5 Nf6 34. Nc7+ Kf7 35. e5 Ne8 36. Bxd7 Rxd7 37. e6+ 1-0

[Event "CZE-chT1W 1314"]
[Site "Czech Republic"]
[Date "2014.01.12"]
[Round "5.4"]
[White "Prochazka, Dalibor"]
[Black "Nun, Jiri"]
[Result "0-1"]
[WhiteElo "2202"]
[BlackElo "2376"]
[PlyCount "69"]
[EventDate "2013.10.20"]
[EventType "team-tourn"]
[EventRounds "11"]
[EventCountry "CZE"]
[SourceTitle "EXT 2015"]
[Source "ChessBase"]
[SourceDate "2014.11.20"]
[SourceVersion "1"]
[SourceVersionDate "2014.11.20"]
[SourceQuality "1"]
[WhiteTeam "Karlovy Vary"]
[BlackTeam "Hradec Kralove"]
[WhiteTeamCountry "CZE"]
[BlackTeamCountry "CZE"]

1. e4 c5 2. d4 cxd4 3. c3 Nf6 4. e5 Nd5 5. Qxd4 e6 6. Nf3 Nc6 7. Qe4 Be7 8. Bd3 d6 9. Bc2 dxe5 10. Nxe5 Nxe5 11. Qxe5 0-0 12. Nd2 Bf6 13. Qg3 Bh4 14. Qf3 g6 15. g3 Be7 16. h4 f5 17. Nc4 b5 18. Ne5 Bb7 19. 0-0 Qc7 20. Qe2 Bd6 21. f4 a6 22. Bb3 Rfe8 23. Bd2 Nf6 24. Nf3 Ne4 25. Kh2 h6 26. Nd4 Qf7 27. Rae1 Kh7 28. Bc1 Qf6 29. Rf3 Rac8 30. Rd1 e5 31. fxe5 Bxe5 32. Qe3 Qxh4+ 33. Kg2 Nxg3 34. Nxf5 Bxf3+ 35. Qxf3 0-1

[Event "Prague Pankrac Cup"]
[Site "Prague"]
[Date "2013.10.08"]
[Round "5"]
[White "Bednar, Marcel"]
[Black "Prochazka, Dalibor"]
[Result "1-0"]
[WhiteElo "2287"]
[BlackElo "2202"]
[PlyCount "81"]
[EventDate "2013.09.10"]
[EventType "swiss"]
[EventRounds "8"]
[EventCountry "CZE"]
[SourceTitle "EXT 2014"]
[Source "ChessBase"]
[SourceDate "2013.11.20"]
[SourceVersion "1"]
[SourceVersionDate "2013.11.20"]
[SourceQuality "1"]

1. d4 d5 2. Nf3 Bf5 3. c4 c6 4. Nc3 e6 5. Qb3 Qb6 6. c5 Qc7 7. Bf4 Qc8 8. Nh4 Ne7 9. Nxf5 Nxf5 10. e4 Ne7 11. Rd1 Nd7 12. Bd6 Ng6 13. Bxf8 Ngxf8 14. f4 Qc7 15. g3 Nf6 16. e5 Ng8 17. Qa4 Nd7 18. Bd3 Ne7 19. 0-0 f5 20. exf6 gxf6 21. Rde1 e5 22. fxe5 fxe5 23. Qd1 0-0-0 24. Rf7 Ng6 25. Bxg6 hxg6 26. dxe5 Qa5 27. e6 Qxc5+ 28. Kg2 Nb6 29. Qg4 Rde8 30. Qg5 Nc4 31. h4 Nd6 32. Qf6 d4 33. Re5 Qc4 34. Ne4 Nxe4 35. Rxe4 Qc2+ 36. Kf3 Qd1+ 37. Kf2 d3 38. Qe5 Qd2+ 39. Kg1 Qc1+ 40. Re1 d2 41. Qc7# 1-0

[Event "Prague Pankrac Cup"]
[Site "Prague"]
[Date "2013.09.10"]
[Round "1"]
[White "Prochazka, Dalibor"]
[Black "Sodoma, Jan"]
[Result "0-1"]
[WhiteElo "2202"]
[BlackElo "2344"]
[PlyCount "82"]
[EventDate "2013.09.10"]
[EventType "swiss"]
[EventRounds "8"]
[EventCountry "CZE"]
[SourceTitle "EXT 2014"]
[Source "ChessBase"]
[SourceDate "2013.11.20"]
[SourceVersion "1"]
[SourceVersionDate "2013.11.20"]
[SourceQuality "1"]

1. e4 e5 2. f4 Bc5 3. Nc3 d6 4. Nf3 Nc6 5. Bb5 Bd7 6. Bxc6 Bxc6 7. fxe5 dxe5 8. Nxe5 Qd4 9. Nd3 Bb6 10. Qe2 0-0-0 11. b3 f5 12. e5 Be4 13. Bb2 Bxd3 14. cxd3 Ne7 15. Na4 Qxd3 16. Nxb6+ axb6 17. Qxd3 Rxd3 18. Ke2 Rhd8 19. Rad1 g5 20. Rhf1 g4 21. Bc3 R8d5 22. e6 Rd8 23. Rf2 R3d6 24. Rdf1 Rxe6+ 25. Kd1 Nd5 26. Kc2 f4 27. Rxf4 Nxf4 28. Rxf4 h5 29. Rf5 Re2 30. Rxh5 Rxg2 31. Rh7 b5 32. b4 b6 33. Kb3 Rd3 34. Rg7 Rgxd2 35. Rxg4 Rxh2 36. a4 bxa4+ 37. Kc4 Rdh3 38. Rg7 Rc2 39. Kb5 Rcxc3 40. Ka6 Rh8 41. b5 a3 0-1

[Event "CZE-chT2A 1213"]
[Site "Czech Republic"]
[Date "2013.02.03"]
[Round "8.1"]
[White "Freisler, Pavel"]
[Black "Prochazka, Dalibor"]
[Result "0-1"]
[WhiteElo "2313"]
[BlackElo "2220"]
[PlyCount "68"]
[EventDate "2012.10.14"]
[EventType "team-tourn"]
[EventRounds "11"]
[EventCountry "CZE"]
[SourceTitle "EXT 2015"]
[Source "ChessBase"]
[SourceDate "2014.11.20"]
[SourceVersion "1"]
[SourceVersionDate "2014.11.20"]
[SourceQuality "1"]
[WhiteTeam "Kladno"]
[BlackTeam "Karlovy Vary"]
[WhiteTeamCountry "CZE"]
[BlackTeamCountry "CZE"]

1. e4 Nf6 2. d3 e5 3. f4 Nc6 4. Nf3 d5 5. exd5 Nxd5 6. fxe5 Bg4 7. Be2 Bxf3 8. Bxf3 Qh4+ 9. g3 Qd4 10. c3 Qxe5+ 11. Qe2 0-0-0 12. d4 Qxe2+ 13. Kxe2 Be7 14. Nd2 f5 15. Nc4 Rhe8 16. Re1 Bb4+ 17. Kf2 Rxe1 18. Bxd5 Rde8 19. Ne3 R8xe3 20. Bxe3 Rxa1 21. cxb4 Nxb4 22. Be6+ Kb8 23. Bd2 Nd3+ 24. Ke2 Nxb2 25. Bc3 Rh1 26. h4 Na4 27. Bd2 Rh2+ 28. Ke1 Rg2 29. Bf4 Nc3 30. Bxf5 g6 31. Bh3 Rxa2 32. h5 a5 33. h6 g5 34. Bxg5 Ra1+ 0-1